[Event "Sofia op 1st"]
[Site "Sofia"]
[Date "2006.05.17"]
[Round "9"]
[White "Deseatnicov, Ivan"]
[Black "Dimitrov, Radoslav"]
[Result "0-1"]
[WhiteElo "2405"]
[BlackElo "2179"]
[PlyCount "92"]
[EventDate "2006.05.11"]
[EventType "swiss"]
[EventRounds "9"]
[EventCountry "BUL"]
[SourceTitle "CBM 112 Extra"]
[Source "ChessBase"]
[SourceDate "2006.07.14"]
[SourceVersion "1"]
[SourceVersionDate "2006.07.14"]
[SourceQuality "1"]

1. e4 c6 2. d4 d5 3. exd5 cxd5 4. c4 Nf6 5. Nc3 e6 6. Nf3 Nc6 7. cxd5 Nxd5 8. Bd3 Be7 9. 0-0 0-0 10. Qe2 Ndb4 11. Be4 Nxd4 12. Nxd4 Qxd4 13. Be3 Qf6 14. Rad1 Nc6 15. f4 Rd8 16. Bb1 g6 17. Ne4 Qg7 18. Rxd8+ Bxd8 19. Rd1 e5 20. Qb5 Bc7 21. Nd6 exf4 22. Bxf4 Bb6+ 23. Kh1 Bg4 24. Re1 Qd4 25. Bg3 Qd2 26. Bd3 Be6 27. Bc4 Nd4 28. Qe5 Bc7 29. Bxe6 Nxe6 30. Qc3 Qxc3 31. bxc3 Bxd6 32. Bxd6 Rc8 33. Be5 Kf8 34. Bf6 Ke8 35. Re4 Kd7 36. Kg1 Kd6 37. g4 Kd5 38. Ra4 a6 39. Kf2 Rc4 40. Ra5+ b5 41. Kg3 Nc5 42. Bd4 Ra4 43. Rxa4 Nxa4 44. Kf4 Kc4 45. a3 Nxc3 46. Bg7 a5 0-1

[Event "Sofia op 1st"]
[Site "Sofia"]
[Date "2006.05.12"]
[Round "3"]
[White "Deseatnicov, Ivan"]
[Black "Filev, Georgi"]
[Result "0-1"]
[WhiteElo "2405"]
[BlackElo "2231"]
[PlyCount "107"]
[EventDate "2006.05.11"]
[EventType "swiss"]
[EventRounds "9"]
[EventCountry "BUL"]
[SourceTitle "CBM 112 Extra"]
[Source "ChessBase"]
[SourceDate "2006.07.14"]
[SourceVersion "1"]
[SourceVersionDate "2006.07.14"]
[SourceQuality "1"]

1. e4 e5 2. Nf3 Nc6 3. Bb5 a6 4. Ba4 Nf6 5. 0-0 Be7 6. Re1 b5 7. Bb3 d6 8. c3 0-0 9. h3 Na5 10. Bc2 c5 11. d4 Nd7 12. b3 cxd4 13. cxd4 Nc6 14. Nc3 Re8 15. d5 Ncb8 16. b4 Nb6 17. a4 bxa4 18. Nxa4 N8d7 19. Nb2 Bb7 20. Nd2 f5 21. Ndc4 fxe4 22. Nxb6 Qxb6 23. Nc4 Qc7 24. Na5 Nf6 25. Bg5 Rf8 26. Bxf6 Rxf6 27. Bxe4 Qb6 28. Qd2 Raf8 29. Qe3 Qxe3 30. fxe3 Bc8 31. Rec1 R6f7 32. Rc3 Bg5 33. Nc6 Rc7 34. Ra2 g6 35. Kh2 Kg7 36. Bf3 Bb7 37. Rca3 Re8 38. Be4 Rf8 39. g3 Rf1 40. h4 Bf6 41. Rb3 Re1 42. Kh3 h5 43. Kg2 g5 44. Kh3 Bc8+ 45. Kh2 Kh6 46. Rf2 Kg7 47. Bf5 Bb7 48. Be4 Bc8 49. Rg2 Kh6 50. Ra3 Kg7 51. Bf3 Kh6 52. hxg5+ Bxg5 53. e4 h4 54. Be2 0-1

[Event "Sofia op 1st"]
[Site "Sofia"]
[Date "2006.05.11"]
[Round "1"]
[White "Deseatnicov, Ivan"]
[Black "Trifonova, Sandra"]
[Result "1-0"]
[WhiteElo "2405"]
[BlackElo "1578"]
[PlyCount "104"]
[EventDate "2006.05.11"]
[EventType "swiss"]
[EventRounds "9"]
[EventCountry "BUL"]
[SourceTitle "CBM 112 Extra"]
[Source "ChessBase"]
[SourceDate "2006.07.14"]
[SourceVersion "1"]
[SourceVersionDate "2006.07.14"]
[SourceQuality "1"]

1. e4 c6 2. d4 d5 3. e5 Bf5 4. c3 e6 5. Be3 Nd7 6. Nd2 c5 7. f4 a6 8. Ngf3 Qb6 9. b3 h5 10. Be2 Nh6 11. h3 Be7 12. dxc5 Bxc5 13. Nd4 h4 14. N2f3 Qd8 15. Bf2 Be7 16. 0-0 Nc5 17. Qe1 Nd3 18. Qd1 Nxf4 19. Be3 Nxe2+ 20. Qxe2 Be4 21. c4 Bc5 22. Rad1 Bxf3 23. Qxf3 Qd7 24. Nc2 Bxe3+ 25. Nxe3 d4 26. Qe4 Rd8 27. Rf4 d3 28. Rxh4 Qe7 29. Rf4 Qc5 30. Kf1 0-0 31. g4 g6 32. Kg2 Qc6 33. Qxc6 bxc6 34. Rd2 g5 35. Re4 Kg7 36. Nd1 Ng8 37. Nf2 Ne7 38. Kf3 Ng6 39. Rxd3 Nf4 40. Rxd8 Rxd8 41. h4 Nd3 42. h5 Nc1 43. Re1 Nxa2 44. Ne4 Kh6 45. Nd6 Kg7 46. Ra1 Nb4 47. Ra4 c5 48. Ke4 f6 49. Ra5 fxe5 50. Nb7 Rd4+ 51. Kf3 e4+ 52. Ke2 Nc2 1-0

[Event "Sadoveanu op"]
[Site "Romania"]
[Date "2003.08.09"]
[Round "7"]
[White "Khruschiov, Alexey"]
[Black "Deseatnicov, Ivan"]
[Result "1/2-1/2"]
[WhiteElo "2434"]
[BlackElo "2338"]
[PlyCount "24"]
[EventDate "2003.08.03"]
[EventType "swiss"]
[EventRounds "10"]
[EventCountry "ROU"]
[SourceTitle "EXT 2009"]
[Source "ChessBase"]
[SourceDate "2008.11.26"]
[SourceVersion "1"]
[SourceVersionDate "2008.11.26"]
[SourceQuality "1"]

1. d4 d5 2. c4 c6 3. Nf3 Nf6 4. Nc3 dxc4 5. a4 Bf5 6. e3 e6 7. Bxc4 Bb4 8. 0-0 Nbd7 9. Qe2 0-0 10. e4 Bg6 11. Bd3 h6 12. Bf4 Rc8 1/2-1/2

[Event "Somes op"]
[Site "Satu Mare"]
[Date "2002.07.31"]
[Round "6"]
[White "Chernov, Vadim A"]
[Black "Deseatnicov, Ivan"]
[Result "1/2-1/2"]
[WhiteElo "2401"]
[BlackElo "2312"]
[PlyCount "67"]
[EventDate "2002.07.26"]
[EventType "swiss"]
[EventRounds "9"]
[EventCountry "ROU"]
[SourceTitle "CBM 089 Extra"]
[Source "ChessBase"]
[SourceDate "2002.09.10"]
[SourceVersion "2"]
[SourceVersionDate "2002.09.10"]
[SourceQuality "1"]

1. e4 e5 2. Nf3 Nc6 3. Bb5 a6 4. Bxc6 dxc6 5. 0-0 Qd6 6. d3 f6 7. Be3 c5 8. Nbd2 Be6 9. Nc4 Qc6 10. Nfxe5 fxe5 11. Nxe5 Qd6 12. Qh5+ g6 13. Nxg6 Bf7 14. Qe5+ Qxe5 15. Nxe5 b6 16. Nxf7 Kxf7 17. Rae1 Bg7 18. b3 Ne7 19. f4 h5 20. g3 Bc3 21. Re2 Nc6 22. Kg2 Rag8 23. Kf3 Ke6 24. h3 Nd4+ 25. Bxd4 Bxd4 26. Rg2 Rh7 27. e5 Rf7 28. Re1 Rgf8 29. Re4 Rf5 30. Rge2 R5f7 31. g4 hxg4+ 32. hxg4 Rh7 33. f5+ Ke7 34. Rf4 1/2-1/2

[Event "Somes op"]
[Site "Satu Mare"]
[Date "2002.07.29"]
[Round "4"]
[White "Deseatnicov, Ivan"]
[Black "Szabo, Attila"]
[Result "1/2-1/2"]
[WhiteElo "2312"]
[BlackElo "2274"]
[PlyCount "49"]
[EventDate "2002.07.26"]
[EventType "swiss"]
[EventRounds "9"]
[EventCountry "ROU"]
[SourceTitle "CBM 089 Extra"]
[Source "ChessBase"]
[SourceDate "2002.09.10"]
[SourceVersion "2"]
[SourceVersionDate "2002.09.10"]
[SourceQuality "1"]

1. e4 c5 2. Nf3 Nc6 3. Bb5 g6 4. 0-0 Bg7 5. Re1 Nf6 6. c3 0-0 7. h3 Qc7 8. d4 cxd4 9. cxd4 d5 10. e5 Ne4 11. Nbd2 Nxd2 12. Bxd2 Bd7 13. Bxc6 Qxc6 14. Qb3 Rfc8 15. Rec1 Qb5 16. Qxb5 Bxb5 17. Ne1 e6 18. b3 Bf8 19. a4 Ba6 20. f4 Be7 21. Kf2 Kf8 22. Ke3 Ke8 23. Nf3 Kd7 24. g4 Rab8 25. Ng5 1/2-1/2

[Event "Wch U20 40th"]
[Site "Peristeri"]
[Date "2001.08.25"]
[Round "9"]
[White "Mastrovasilis, Dimitrios"]
[Black "Deseatnicov, Ivan"]
[Result "1-0"]
[WhiteElo "2435"]
[BlackElo "2309"]
[PlyCount "123"]
[EventDate "2001.08.16"]
[EventType "swiss"]
[EventRounds "13"]
[EventCountry "GRE"]
[SourceTitle "EXT 2002"]
[Source "ChessBase"]
[SourceDate "2001.11.25"]
[SourceVersion "1"]
[SourceVersionDate "2001.11.25"]
[SourceQuality "1"]

1. e4 e5 2. Nf3 Nc6 3. d4 exd4 4. c3 dxc3 5. Bc4 d6 6. Nxc3 Nf6 7. Qb3 Qd7 8. Ng5 Ne5 9. Bb5 c6 10. f4 Neg4 11. Be2 h6 12. Nf3 d5 13. h3 d4 14. Nb5 Nxe4 15. hxg4 Nc5 16. Qd1 d3 17. Ne5 dxe2 18. Qxd7+ Nxd7 19. Nc7+ Ke7 20. Nxa8 Nxe5 21. fxe5 Bxg4 22. Rh4 h5 23. Rxg4 hxg4 24. Kxe2 Ke6 25. Bf4 Bc5 26. Rc1 Bd4 27. Nc7+ Ke7 28. Rd1 Bb6 29. e6 fxe6 30. Bg5+ Kf7 31. Rd7+ Kg6 32. Be3 Bxe3 33. Kxe3 Kf6 34. Kf4 Rc8 35. Kxg4 Rf8 36. Rxg7 Rd8 37. Rh7 Rc8 38. Rd7 Rg8+ 39. Kf3 Rh8 40. a3 Rg8 41. b4 a6 42. a4 Rh8 43. Ke3 Ke5 44. b5 axb5 45. axb5 cxb5 46. Nxb5 b6 47. Rb7 Kd5 48. Nc3+ Kc6 49. Re7 Kd6 50. Rb7 Kc6 51. Re7 Kd6 52. Rf7 Rc8 53. Ne4+ Ke5 54. Rg7 Kd5 55. Nf6+ Kc4 56. Nd7 Kb5 57. Kf4 Kc6 58. Ke5 b5 59. Kxe6 b4 60. Ne5+ Kc5 61. Rb7 Ra8 62. g4 1-0

[Event "Wch U20 40th"]
[Site "Peristeri"]
[Date "2001.08.24"]
[Round "8"]
[White "Deseatnicov, Ivan"]
[Black "Berkvens, Joost"]
[Result "1-0"]
[WhiteElo "2309"]
[BlackElo "2444"]
[PlyCount "39"]
[EventDate "2001.08.16"]
[EventType "swiss"]
[EventRounds "13"]
[EventCountry "GRE"]
[SourceTitle "EXT 2002"]
[Source "ChessBase"]
[SourceDate "2001.11.25"]
[SourceVersion "1"]
[SourceVersionDate "2001.11.25"]
[SourceQuality "1"]

1. e4 d6 2. d4 Nf6 3. Nc3 Nbd7 4. g3 e5 5. Nge2 c6 6. Bg2 Be7 7. 0-0 0-0 8. a4 b6 9. h3 Bb7 10. g4 d5 11. exd5 cxd5 12. dxe5 Nxe5 13. Nf4 Rc8 14. Nfxd5 Nxd5 15. Nxd5 Bxd5 16. Bxd5 Rxc2 17. Re1 Bf6 18. Qxc2 Qxd5 19. Qe4 Qd7 20. g5 1-0

[Event "Agneaux St Lo U18 op 3rd"]
[Site "Agneaux"]
[Date "2001.07.08"]
[Round "2"]
[White "Deseatnicov, Ivan"]
[Black "Rohackova, Veronika"]
[Result "1-0"]
[WhiteElo "2289"]
[BlackElo "2073"]
[PlyCount "49"]
[EventDate "2001.07.07"]
[EventType "swiss"]
[EventRounds "9"]
[EventCountry "FRA"]
[SourceTitle "EXT 2002"]
[Source "ChessBase"]
[SourceDate "2001.11.25"]
[SourceVersion "1"]
[SourceVersionDate "2001.11.25"]
[SourceQuality "1"]

1. e4 e6 2. d3 d5 3. Qe2 Nf6 4. e5 Nfd7 5. f4 c5 6. Nf3 Nc6 7. g3 b5 8. Bg2 Be7 9. f5 Nb6 10. fxe6 Bxe6 11. 0-0 0-0 12. Nc3 b4 13. Nd1 Bg4 14. c3 Qd7 15. Nf2 Rae8 16. Nxg4 Qxg4 17. Bf4 f6 18. h3 Qe6 19. d4 fxe5 20. dxe5 bxc3 21. bxc3 Nc4 22. Rae1 Bd6 23. Qd1 Be7 24. Ng5 Qg6 25. Qxd5+ 1-0

[Event "Minsk zt 1.8"]
[Site "Minsk"]
[Date "2000.06.07"]
[Round "12"]
[White "Deseatnicov, Ivan"]
[Black "Kupreichik, Viktor D"]
[Result "0-1"]
[WhiteElo "2266"]
[BlackElo "2480"]
[PlyCount "38"]
[EventDate "2000.05.26"]
[EventType "tourn"]
[EventRounds "13"]
[EventCountry "BLR"]
[EventCategory "8"]
[SourceTitle "EXT 2001"]
[Source "ChessBase"]
[SourceDate "2000.11.22"]
[SourceVersion "1"]
[SourceVersionDate "2000.11.22"]
[SourceQuality "1"]

1. e4 c5 2. c3 Nf6 3. e5 Nd5 4. Nf3 d6 5. exd6 e6 6. g3 Bxd6 7. Bg2 0-0 8. 0-0 Nd7 9. d4 cxd4 10. Nxd4 Bc5 11. Nb3 Bb6 12. Qe2 a5 13. Rd1 a4 14. Nd4 Qf6 15. Na3 Ne5 16. Nac2 Rd8 17. c4 Nb4 18. Nxb4 Bxd4 19. Nc2 Qxf2+ 0-1

[Event "Minsk zt 1.8"]
[Site "Minsk"]
[Date "2000.06.06"]
[Round "11"]
[White "Azarov, Sergei Nikolaevich"]
[Black "Deseatnicov, Ivan"]
[Result "1/2-1/2"]
[WhiteElo "2429"]
[BlackElo "2266"]
[PlyCount "85"]
[EventDate "2000.05.26"]
[EventType "tourn"]
[EventRounds "13"]
[EventCountry "BLR"]
[EventCategory "8"]
[SourceTitle "EXT 2001"]
[Source "ChessBase"]
[SourceDate "2000.11.22"]
[SourceVersion "1"]
[SourceVersionDate "2000.11.22"]
[SourceQuality "1"]

1. e4 d6 2. d4 Nf6 3. Nc3 g6 4. Nf3 Bg7 5. Be2 0-0 6. 0-0 a6 7. a4 Nc6 8. a5 e5 9. d5 Ne7 10. Nd2 Ne8 11. Nc4 f5 12. exf5 gxf5 13. f4 Ng6 14. Bh5 Nxf4 15. Bxf4 exf4 16. Ne2 Qg5 17. Nxf4 Nf6 18. Ra3 Ne4 19. Rh3 Bd7 20. Ne6 Bxe6 21. dxe6 f4 22. Bf7+ Kh8 23. Qd3 Qc5+ 24. Kh1 Qd4 25. Rxf4 Qxd3 26. Rxd3 Ng5 27. Rf5 Rae8 28. Re3 Nxf7 29. Rxf7 Bh6 30. Rxf8+ Rxf8 31. Re1 Kg7 32. g4 Kf6 33. h4 Bf4 34. Kg2 Ke7 35. g5 Rf5 36. Kh3 Rc5 37. Re4 Bc1 38. Ne3 Bxe3 39. Rxe3 Rxc2 40. h5 Rc5 41. Kg4 Rc4+ 42. Kg3 Rc5 43. Kg4 1/2-1/2

[Event "Minsk zt 1.8"]
[Site "Minsk"]
[Date "2000.06.05"]
[Round "10"]
[White "Deseatnicov, Ivan"]
[Black "Khruschiov, Alexey"]
[Result "0-1"]
[WhiteElo "2266"]
[BlackElo "2281"]
[PlyCount "47"]
[EventDate "2000.05.26"]
[EventType "tourn"]
[EventRounds "13"]
[EventCountry "BLR"]
[EventCategory "8"]
[SourceTitle "EXT 2001"]
[Source "ChessBase"]
[SourceDate "2000.11.22"]
[SourceVersion "1"]
[SourceVersionDate "2000.11.22"]
[SourceQuality "1"]

1. e4 e5 2. Nf3 Nc6 3. Bb5 a6 4. Ba4 Nf6 5. 0-0 Be7 6. Re1 b5 7. Bb3 0-0 8. h3 Bb7 9. d3 d6 10. a3 Qd7 11. Nc3 Rae8 12. Nd5 Bd8 13. Ba2 Kh8 14. Ne3 Ne7 15. Nh2 d5 16. exd5 Nfxd5 17. Nhg4 f6 18. g3 Nb6 19. f3 Ng6 20. h4 f5 21. h5 fxg4 22. hxg6 Rxf3 23. Kh2 Qc6 24. Nxg4 0-1

[Event "Centrocoop June op-A"]
[Site "Eforie Nord"]
[Date "1999.06.??"]
[Round "?"]
[White "Deseatnicov, Ivan"]
[Black "Navrotescu, Catalin"]
[Result "0-1"]
[WhiteElo "2251"]
[BlackElo "2443"]
[PlyCount "62"]
[EventDate "1999.06.??"]
[EventType "swiss"]
[EventRounds "11"]
[EventCountry "ROU"]
[SourceTitle "EXT 2004"]
[Source "ChessBase"]
[SourceDate "2003.11.25"]
[SourceVersion "1"]
[SourceVersionDate "2003.11.25"]
[SourceQuality "1"]

1. e4 c5 2. Nf3 d6 3. d4 cxd4 4. Nxd4 Nf6 5. f3 Nc6 6. Nc3 e5 7. Nb3 Be7 8. Be3 0-0 9. Qd2 a5 10. Bb5 Na7 11. Be2 Be6 12. Nd5 Bxd5 13. exd5 Nc8 14. c4 a4 15. Nc1 b5 16. cxb5 Nb6 17. 0-0 Nfxd5 18. Bf2 Bg5 19. Qd3 Rc8 20. Qa3 Nf4 21. Bd3 d5 22. Bc5 Re8 23. Bf5 Nc4 24. Qb4 Rxc5 25. Qxc5 Nd3 26. Qb6 Nb4 27. Qb7 Nd6 28. Qa7 Nxf5 29. Qxa4 Be3+ 30. Kh1 Ng3+ 31. hxg3 Qd6 0-1

[Event "Centrocoop June op-A"]
[Site "Eforie Nord"]
[Date "1999.06.??"]
[Round "?"]
[White "Deseatnicov, Ivan"]
[Black "Slovineanu, Viacheslav"]
[Result "1/2-1/2"]
[WhiteElo "2251"]
[BlackElo "2447"]
[PlyCount "46"]
[EventDate "1999.06.??"]
[EventType "swiss"]
[EventRounds "11"]
[EventCountry "ROU"]
[SourceTitle "EXT 2004"]
[Source "ChessBase"]
[SourceDate "2003.11.25"]
[SourceVersion "1"]
[SourceVersionDate "2003.11.25"]
[SourceQuality "1"]

1. e4 c6 2. c4 e5 3. d4 d6 4. Nf3 Nd7 5. Be2 Ngf6 6. Nc3 Be7 7. 0-0 0-0 8. h3 a6 9. Be3 b5 10. Qc2 Bb7 11. Rfd1 exd4 12. Bxd4 Qb8 13. Nd2 Re8 14. a3 Bd8 15. g3 Bb6 16. Bxb6 Nxb6 17. cxb5 cxb5 18. Bf3 d5 19. exd5 Nbxd5 20. Nxd5 Bxd5 21. Bxd5 Nxd5 22. Nf3 Nf6 23. Rac1 h6 1/2-1/2

[Event "EU-ch U18"]
[Site "Mureck"]
[Date "1998.??.??"]
[Round "5"]
[White "Benkovic, Petar"]
[Black "Deseatnicov, Ivan"]
[Result "0-1"]
[WhiteElo "2310"]
[BlackElo "2185"]
[PlyCount "59"]
[EventDate "1998.07.08"]
[EventType "swiss"]
[EventRounds "9"]
[EventCountry "AUT"]
[SourceTitle "CBM 065 Extra"]
[Source "ChessBase"]
[SourceDate "1998.09.09"]
[SourceVersion "1"]
[SourceVersionDate "1998.09.09"]
[SourceQuality "1"]

1. d4 g6 2. c4 d6 3. Nc3 Bg7 4. Nf3 Bg4 5. e3 Nc6 6. Be2 Nf6 7. 0-0 0-0 8. h3 Bd7 9. d5 Nb8 10. e4 a5 11. Be3 e5 12. Nd2 b6 13. a3 a4 14. b4 axb3 15. Nxb3 Ne8 16. a4 f5 17. f3 f4 18. Bf2 Bf6 19. Qe1 Na6 20. a5 Nc5 21. Nxc5 bxc5 22. Bd1 g5 23. Ba4 h5 24. Bxd7 Qxd7 25. Qe2 Bd8 26. Rfb1 Nf6 27. a6 g4 28. fxg4 hxg4 29. hxg4 Nxg4 30. a7 0-1

[Event "Centrocoop Sept op-A"]
[Site "Eforie Nord"]
[Date "1998.??.??"]
[Round "?"]
[White "Deseatnicov, Ivan"]
[Black "Zhidkov, Valery S"]
[Result "1/2-1/2"]
[WhiteElo "2185"]
[BlackElo "2400"]
[PlyCount "69"]
[EventDate "1998.09.??"]
[EventType "swiss"]
[EventRounds "11"]
[EventCountry "ROU"]
[SourceTitle "EXT 2000"]
[Source "ChessBase"]
[SourceDate "1999.11.16"]
[SourceVersion "1"]
[SourceVersionDate "1999.11.16"]
[SourceQuality "1"]

1. e4 e5 2. Nf3 Nc6 3. Bb5 d6 4. d4 Bd7 5. d5 Nb8 6. Bxd7+ Nxd7 7. Be3 Ngf6 8. Nfd2 Be7 9. 0-0 0-0 10. c4 g6 11. Nc3 Nh5 12. b4 Bg5 13. Qf3 Bxe3 14. Qxe3 f5 15. f3 Nf4 16. Kh1 Qe7 17. Nb3 b6 18. a4 Nf6 19. a5 N6h5 20. g3 Nh3 21. Kg2 f4 22. Qd2 Ng5 23. g4 Nf6 24. h4 Ngxe4 25. Nxe4 Nxe4 26. fxe4 Qxh4 27. Rf3 Qxg4+ 28. Kf2 Qh4+ 29. Ke2 g5 30. Qe1 Qh5 31. Qh1 Qg6 32. Nd2 g4 33. Rg1 Rf7 34. Rh3 Rg7 35. Rh6 1/2-1/2

[Event "EU-ch U18"]
[Site "Mureck"]
[Date "1998.??.??"]
[Round "8"]
[White "Mah, Karl"]
[Black "Deseatnicov, Ivan"]
[Result "0-1"]
[WhiteElo "2330"]
[BlackElo "2185"]
[PlyCount "80"]
[EventDate "1998.07.08"]
[EventType "swiss"]
[EventRounds "9"]
[EventCountry "AUT"]
[SourceTitle "CBM 065 Extra"]
[Source "ChessBase"]
[SourceDate "1998.09.09"]
[SourceVersion "1"]
[SourceVersionDate "1998.09.09"]
[SourceQuality "1"]

1. d4 g6 2. c4 d6 3. Nc3 Bg7 4. e4 Nc6 5. d5 Nd4 6. Be3 c5 7. Nge2 e5 8. dxe6 Nxe6 9. g3 Ne7 10. Bg2 Nc6 11. 0-0 0-0 12. b3 a6 13. Rc1 Rb8 14. f4 Ned4 15. Bxd4 Nxd4 16. Nxd4 Bxd4+ 17. Kh1 b5 18. Nd5 Be6 19. f5 Bxd5 20. cxd5 Bf6 21. fxg6 hxg6 22. Rc2 Be5 23. Qg4 Kg7 24. h4 Qc8 25. Qxc8 Rfxc8 26. Kh2 c4 27. Rfc1 cxb3 28. axb3 Rxc2 29. Rxc2 a5 30. Bf1 a4 31. bxa4 b4 32. Rc4 b3 33. Bd3 b2 34. Bb1 Rb3 35. Rc2 Rxg3 36. Rf2 Ra3+ 37. Kg2 Rxa4 38. Rf1 Ra3 39. Bc2 Rc3 40. Bb1 Rc1 0-1

[Event "EU-ch U16"]
[Site "Tallinn"]
[Date "1997.??.??"]
[Round "2"]
[White "Deseatnicov, Ivan"]
[Black "Kuzuev, Danil"]
[Result "0-1"]
[WhiteElo "2220"]
[BlackElo "2310"]
[PlyCount "104"]
[EventDate "1997.??.??"]
[EventType "swiss"]
[EventRounds "9"]
[EventCountry "EST"]
[SourceTitle "EXT 1998"]
[Source "ChessBase"]
[SourceDate "1997.11.17"]
[SourceVersion "1"]
[SourceVersionDate "1997.11.17"]
[SourceQuality "1"]

1. e4 c5 2. c3 e6 3. d4 d5 4. exd5 exd5 5. Nf3 Nc6 6. Bb5 Bd6 7. dxc5 Bxc5 8. 0-0 Nge7 9. Nbd2 0-0 10. Nb3 Bd6 11. Nbd4 Bg4 12. Qa4 Nxd4 13. Nxd4 Ng6 14. Re1 Qh4 15. g3 Qh5 16. Bf1 Bh3 17. Bxh3 Qxh3 18. Qb5 Rad8 19. Bg5 f6 20. Bd2 Be5 21. Nf3 b6 22. Be3 h5 23. Qd3 Qg4 24. Kg2 Qe4 25. Qxe4 dxe4 26. Nd4 Bxd4 27. Bxd4 f5 28. a4 Ne7 29. h4 Nc6 30. Be3 Rd3 31. Re2 Rc8 32. Rc2 Kf7 33. Kf1 Ke6 34. Ke2 Na5 35. Rd2 Nb3 36. Rdd1 Nxa1 37. Rxa1 Rb8 38. Bd4 g6 39. b4 a6 40. a5 b5 41. Rd1 Rxd1 42. Kxd1 f4 43. gxf4 Kf5 44. Ke2 Kxf4 45. Be3+ Kg4 46. Bg5 Rc8 47. Ke3 Rxc3+ 48. Kxe4 Rc4+ 49. Kd5 Rxb4 50. Kc5 Rc4+ 51. Kb6 b4 52. Kxa6 b3 0-1